000 01863nam a22002777a 4500
003 Uzh_bibl
008 260416b |||||||| |||| 00| 0 ukr d
020 _a 978-966-02-5720-7
_c57.00
040 _bукр.
041 _2ukr
_aukr
080 _a030(477)
090 _a030(477)
_bЕ64
100 _a-
245 _aЕнциклопедія Сучасної України
_bТ. 9: Е - Ж
_cкорект. Т.Берзюк, І.Журило та ін; іл. Р.Кацалам; обкл. В.Єрмак. та ін.
_hТекст
260 _aКиїв
_bТОВ "Твори"
_c2009
300 _a712 с.
_bіл.
_fВ опр.
490 _vТом 9
520 _aЕнциклопедія Сучасної України - перше багатотомне видання про Україну у всіх вимірах від початку 20 століття до сьогодення. Енциклопедія подає цілісний образ новітньої України в подіях, інституціях, установах, родах діяльності, поняттях, персоналіях. Охоплює всі сфери життя в Україні, відображає сучасні погляди на історичні події та постаті. У дев'ятому томі подано 2546 гасел, 1829 чорно-білих та 387 кольорових ілюстрацій, 10 карт, 8 таблиць і схем.
521 _aДля широкого кола читачів
546 _aук4р.
650 _aДовідкове видання
653 _aЕнциклопедія.
_aУкраїна.
655 _aНауково-популярне видання
_vЕнциклопедія
700 _aІ.Дзюба, А.Жуковський, М.Железняк та ін.
942 _2udc
_cBK
999 _c17359
_d17359